Statystyki dla rozpoznaj państwa po aktorach

Kliknij tutaj aby rozwiązać quiz!

Ogólne statystyki

  • Ten quiz został rozwiązany 30 razy
  • Średni wynik to 8 z 15

Statystyki odpowiedzi

HintOdpowiedź% Poprawnych
Pedro Alonsohiszpania
93%
Robbie Amellkanada
82%
Alfonso Herrerameksyk
82%
Michael Cainewielka brytania
82%
Alain Delonfrancja
79%
Petr Kotvaldczechy
68%
Manuel Cortezportugalia
61%
Alicia Vikanderszwecja
61%
Jamie Dornanirlandia
57%
Peter Bebjaksłowacja
54%
Donatas Banionislitwa
32%
Hal Ozsancypr
29%
Uno Loopestonia
25%
John Arcillafilipiny
14%
Reza Rahadianindonezja
14%

Rozkład punktacji

Percentyl według liczby udzielonych odpowiedzi

Procent ludzi z każdym wynikiem

Twoja historia wyników

Nie rozwiązałeś tego quizu